UBT Library

Si shkruhet një punim diplome : (Record no. 394)

000 -LEADER
fixed length control field 00522nam a22001577a 4500
008 - FIXED-LENGTH DATA ELEMENTS--GENERAL INFORMATION
fixed length control field 140116b xxu||||| |||| 00| 0 alb d
020 ## - INTERNATIONAL STANDARD BOOK NUMBER
International Standard Book Number 9789994346059
080 ## - UNIVERSAL DECIMAL CLASSIFICATION NUMBER
Universal Decimal Classification number 378.2
100 1# - Rafti
Rafti Eco, Umberto
245 10 - TITLE STATEMENT
Title Si shkruhet një punim diplome :
Statement of responsibility, etc Umberto Eco ; përktheu Shpëtim Çuçka
260 ## -
-- [Tiranë] :
-- "Dituria" ;
-- 2006.
300 ## -
-- 260 f. :
-- me il. ;
-- 21 cm.
650 ## -
-- Arsimi i lartë
-- Punim diplome
-- Metodologjia
700 ## -
-- Çuçka, Shpëtim (përkthyes)
942 ## - ADDED ENTRY ELEMENTS (KOHA)
Source of classification or shelving scheme
Item type Books
Holdings
Withdrawn status Lost status Source of classification or shelving scheme Damaged status Not for loan Collection code Permanent location Current location Shelving location Date acquired Total Checkouts Full call number Barcode Date last seen Koha item type
          Koleksioni i lëndeve mesimore UBT - Prishtine UBT - Prishtine Koleksioni i lëndeve mesimore 01/24/2014   378.2 ECO 001-000532 01/16/2014 Books
UBT Library © 2015-2024. All rights reserved University Education for Business and Technology